[Event "22nd ECU Club Cup"]
[Site "Feugen AUT"]
[Date "2006.10.12"]
[Round "5"]
[White "Bologan,V"]
[Black "Vaganian,R"]
[Result "1-0"]
[WhiteElo "2659"]
[BlackElo "2587"]

1.e4 e6 2.d4 d5 3.Nc3 Bb4 4.e5 c5 5.a3 Bxc3+ 6.bxc3 Ne7 7.Qg4 O-O 8.Bd3 Nbc6
9.Bg5 Qa5 10.Ne2 Re8 11.h4 Nxd4 12.Rh3 Nxe2 13.Kxe2 Ng6 14.h5 Nxe5 15.Qg3 Nxd3
16.Bf6 Nf4+ 17.Kd2 Ng6 18.hxg6 fxg6 19.Rxh7  1-0

[Event "Magistral Barcelona Casino"]
[Site "Barcelona ESP"]
[Date "2006.10.20"]
[Round "2"]
[White "Korneev,O"]
[Black "Bologan,V"]
[Result "0-1"]
[WhiteElo "2657"]
[BlackElo "2659"]

1.e4 c6 2.d4 d5 3.Nc3 dxe4 4.Nxe4 Nd7 5.c3 Ngf6 6.Nxf6+ Nxf6 7.Bc4 g6 8.Nf3 Bg7
9.O-O O-O 10.Re1 Qc7 11.Qe2 Re8 12.Bg5 Nd5 13.Rad1 Bf5 14.Bh4 Rad8 15.Bg3 Qc8
16.Bb3 Bg4 17.h3 Bh5 18.Bh4 Bf6 19.Bxd5 Bxh4 20.Bb3 Bxf3 21.Qxf3 Bf6 22.d5 cxd5
23.Rxd5 Rxd5 24.Qxd5 e6 25.Qc4 Qb8 26.Rd1 b5 27.Qc6 Rd8 28.Rxd8+ Bxd8 29.g3 Bb6
30.Kf1 Qe5 31.Qa8+ Kg7 32.Qf3 b4 33.Qe2 Qf5 34.Kg2 bxc3 35.bxc3 Qc5 36.Qd2 Qc6+
37.f3 Qc7 38.Bd1 Qe5 39.h4 Kg8 40.f4 Qc7 41.Qc2 Qc5 42.Bf3 Qg1+ 43.Kh3 Qe3
44.Bg2 Bc7 45.Qe4 Qxc3 46.Qc6 Qa5 47.a4 Bb6 48.Qe8+ Kg7 49.Qb5 Qc3 50.Qc6 Qa3
51.Qe4 h5 52.Qc4 Qc1 53.Qe4 Qa1 54.Qc2 Bd4 55.Qc4 e5 56.fxe5 Bxe5 57.Qe4 Qc3
58.Bf3 Qc7 59.Qe1 Bd4 60.Qb4 Qe5 61.Qd2 Bb6 62.Qe2 Qd6 63.Qb2+ Bd4 64.Qb3 Be5
65.Be4 Bxg3 66.Qf3 Be1 67.Bd5 Qd7+ 68.Kh2 Bxh4 69.a5 Bf6 70.Kg2 Qb5 71.Qe4 Qxa5
72.Qc4 Qd2+ 73.Kf3 Qc3+  0-1

[Event "Magistral Barcelona Casino"]
[Site "Barcelona ESP"]
[Date "2006.10.20"]
[Round "2"]
[White "Korneev,O"]
[Black "Bologan,V"]
[Result "0-1"]
[WhiteElo "2657"]
[BlackElo "2659"]

1.e4 c6 2.d4 d5 3.Nc3 dxe4 4.Nxe4 Nd7 5.c3 Ngf6 6.Nxf6+ Nxf6 7.Bc4 g6 8.Nf3 Bg7
9.O-O O-O 10.Re1 Qc7 11.Qe2 Re8 12.Bg5 Nd5 13.Rad1 Bf5 14.Bh4 Rad8 15.Bg3 Qc8
16.Bb3 Bg4 17.h3 Bh5 18.Bh4 Bf6 19.Bxd5 Bxh4 20.Bb3 Bxf3 21.Qxf3 Bf6 22.d5 cxd5
23.Rxd5 Rxd5 24.Qxd5 e6 25.Qc4 Qb8 26.Rd1 b5 27.Qc6 Rd8 28.Rxd8+ Bxd8 29.g3 Bb6
30.Kf1 Qe5 31.Qa8+ Kg7 32.Qf3 b4 33.Qe2 Qf5 34.Kg2 bxc3 35.bxc3 Qc5 36.Qd2 Qc6+
37.f3 Qc7 38.Bd1 Qe5 39.h4 Kg8 40.f4 Qc7 41.Qc2 Qc5 42.Bf3 Qg1+ 43.Kh3 Qe3
44.Bg2 Bc7 45.Qe4 Qxc3 46.Qc6 Qa5 47.a4 Bb6 48.Qe8+ Kg7 49.Qb5 Qc3 50.Qc6 Qa3
51.Qe4 h5 52.Qc4 Qc1 53.Qe4 Qa1 54.Qc2 Bd4 55.Qc4 e5  0-1

[Event "Magistral Barcelona Casino"]
[Site "Barcelona ESP"]
[Date "2006.10.20"]
[Round "2"]
[White "Korneev,O"]
[Black "Bologan,V"]
[Result "0-1"]
[WhiteElo "2657"]
[BlackElo "2659"]

1.e4 c6 2.d4 d5 3.Nc3 dxe4 4.Nxe4 Nd7 5.c3 Ngf6 6.Nxf6+ Nxf6 7.Bc4 g6 8.Nf3 Bg7
9.O-O O-O 10.Re1 Qc7 11.Qe2 Re8 12.Bg5 Nd5 13.Rad1 Bf5 14.Bh4 Rad8 15.Bg3 Qc8
16.Bb3 Bg4 17.h3 Bh5 18.Bh4 Bf6 19.Bxd5 Bxh4 20.Bb3 Bxf3 21.Qxf3 Bf6 22.d5 cxd5
23.Rxd5 Rxd5 24.Qxd5 e6 25.Qc4 Qb8 26.Rd1 b5 27.Qc6 Rd8 28.Rxd8+ Bxd8 29.g3 Bb6
30.Kf1 Qe5 31.Qa8+ Kg7 32.Qf3 b4 33.Qe2 Qf5 34.Kg2 bxc3 35.bxc3 Qc5 36.Qd2 Qc6+
37.f3 Qc7 38.Bd1 Qe5 39.h4 Kg8 40.f4 Qc7 41.Qc2 Qc5 42.Bf3 Qg1+ 43.Kh3 Qe3
44.Bg2 Bc7 45.Qe4 Qxc3 46.Qc6 Qa5 47.a4 Bb6 48.Qe8+ Kg7 49.Qb5 Qc3 50.Qc6 Qa3
51.Qe4 h5 52.Qe5+ Kg8 53.Qb8+ Kh7 54.Qb7 Kg7 55.Qe4 Qa1 56.Qc2 Bd4 57.Qc4 e5
58.fxe5 Bxe5 59.Qe4 Qc3 60.Bf3 Qc7 61.Qe1 Bd4 62.Qb4 Qe5 63.Qd2 Bb6 64.Qe2 Qd6
65.Qb2+ Bd4 66.Qb3 Be5 67.Be4 Bxg3 68.Qf3 Be1 69.Bd5 Qd7+ 70.Kh2 Bxh4 71.a5 Bf6
72.Kg2 Qb5 73.Qe4 Qxa5 74.Qc4 Qd2+ 75.Kf3 Qc3+  0-1

[Event "Magistral Barcelona Casino"]
[Site "Barcelona ESP"]
[Date "2006.10.22"]
[Round "4"]
[White "Lacasa Diaz,J"]
[Black "Bologan,V"]
[Result "1/2-1/2"]
[WhiteElo "2410"]
[BlackElo "2659"]

1.e4 c6 2.d4 d5 3.exd5 cxd5 4.c4 Nf6 5.Nc3 e6 6.Nf3 Bb4 7.Bd3 dxc4 8.Bxc4 O-O
9.O-O b6 10.Bg5 Bb7 11.Ne5 Be7 12.Re1 Nc6 13.Ba6 Qc8 14.Bxb7 Qxb7 15.Qf3 Rac8
16.Nb5 Qa8 17.Bxf6 gxf6 18.Nd7 Rfd8 19.Nxf6+ Bxf6 20.Qxf6 a6 21.Re3 Qb7 22.Rg3+ Kf8
23.Re1 Qd7 24.Na7 Nxd4 25.Rg7 Ne2+ 26.Kf1 Nf4 27.Nxc8 Rxc8 28.Rg3 Qb5+ 29.Kg1 Ne2+
30.Kh1 Nxg3+ 31.fxg3 Rc2 32.Rf1 Qh5 33.h3 Ke8 34.g4 Qg6 35.Qh8+ Kd7 36.Rd1+ Kc6
37.Qe8+ Kc5 38.Qe7+ Kb5 39.Qd7+ Ka5 40.Qd4 Qg5 41.b4+ Ka4 42.Qd3 Rxa2 43.Qxa6+ Kb3
44.Qxb6 Rd2 45.Rf1 Qd5 46.Rf3+ Rd3 47.Rxd3+ Qxd3 48.b5 Kb4 49.Qb7 Qd1+ 50.Kh2 Qd6+
51.Kh1 Qd1+ 52.Kh2 Qd6+ 53.Kg1 Qc5+ 54.Kh1 Qc1+ 55.Kh2 Qf4+ 56.Kg1 Qe3+ 57.Kf1 Qf4+
58.Ke2 Qe5+ 59.Kf3 Qxb5 60.Qe4+ Kc3 61.Qxh7 Qf1+ 62.Ke3 Qe1+ 63.Kf3 Qf1+
64.Ke3 e5 65.Qe4 Qe1+ 66.Kf3 Qf1+ 67.Ke3 Qe1+ 68.Kf3  1/2-1/2

[Event "Magistral Barcelona Casino"]
[Site "Barcelona ESP"]
[Date "2006.10.26"]
[Round "8"]
[White "Ivanchuk,V"]
[Black "Bologan,V"]
[Result "1-0"]
[WhiteElo "2741"]
[BlackElo "2659"]

1.e4 c5 2.Nf3 d6 3.d4 cxd4 4.Nxd4 Nf6 5.Nc3 a6 6.Be3 e5 7.Nf3 Be7 8.Bc4 Be6
9.Bb3 O-O 10.O-O Nc6 11.Qe2 Na5 12.Rfd1 Nxb3 13.axb3 Nd7 14.Nd5 Bxd5 15.Rxd5 Qc7
16.Rda5 Rac8 17.c3 Qc6 18.Qc2 Bd8 19.R5a4 Bb6 20.Bxb6 Nxb6 21.Ra5 f6 22.b4 Qc4
23.Nd2 Qe2 24.Qd1 Qd3 25.f3 Qe3+ 26.Kh1 Rfd8 27.b5 axb5 28.Rxb5 Ra8 29.Rc1 Qf2
30.Nf1 Na4 31.Rxb7 d5 32.Rc2 Qc5 33.exd5 Nb6 34.b4 Qb5 35.Ne3 Qa6 36.Rc7 Nxd5
37.Nxd5 Qd3 38.Rc1 Qxd1+ 39.Rxd1 Rxd5 40.Rg1 Ra2 41.c4 Rc2 42.h3 h5 43.Rxg7+ Kxg7
44.cxd5 Rb2 45.Rd1 Kf7 46.d6 Ke8 47.d7+ Kd8 48.Rd6 e4 49.fxe4 Rxb4 50.Rxf6 Rxe4
51.Rd6 h4 52.Kh2 Rf4 53.Rg6 Rf7 54.Rg4 Rh7 55.Rd4 Rh6 56.Kg1 Rh7 57.Kf2 Rf7+
58.Ke3 Re7+ 59.Kf3 Rf7+ 60.Kg4 Rh7 61.Rd2 Rh8 62.Kg5 Rh7 63.Ra2  1-0

[Event "3rd Rapid Open"]
[Site "Ajaccio FRA"]
[Date "2006.10.30"]
[Round "5"]
[White "Bologan,V"]
[Black "Le Roux,JP"]
[Result "1-0"]
[WhiteElo "2659"]
[BlackElo "2494"]

1.e4 e5 2.Nf3 Nc6 3.Bc4 Nf6 4.d3 Bc5 5.c3 d6 6.Nbd2 O-O 7.h3 Bb6 8.Bb3 Ne7
9.Nf1 Ng6 10.Ng3 Be6 11.O-O Qd7 12.Ba4 c6 13.d4 Bc4 14.Re1 Rfe8 15.Bg5 Nf4
16.Bc2 h6 17.Bxf6 gxf6 18.Kh2 Be6 19.Nh4 Bxh3 20.Ngf5 Bxf5 21.Nxf5 Kh7 22.g3 Rh8
23.dxe5 Qd8 24.Rh1  1-0

[Event "6th Amplico AIG Life Gp2"]
[Site "Warsaw POL"]
[Date "2006.12.17"]
[Round "1"]
[White "Bologan,V"]
[Black "Sulskis,S"]
[Result "1-0"]
[WhiteElo "2659"]
[BlackElo "2518"]

1.e4 e5 2.Nf3 Nc6 3.Bc4 Nf6 4.d3 Bc5 5.c3 d6 6.Bb3 a6 7.Nbd2 Ba7 8.Nf1 Be6
9.Ng3 Qd7 10.O-O h6 11.Re1 O-O 12.Bc2 Rfe8 13.h3 d5 14.Qe2 dxe4 15.dxe4 Rad8
16.a4 a5 17.Kh2 Qc8 18.Be3 Bxe3 19.Qxe3 Qd7 20.Red1 Qe7 21.Bd3 Bg4 22.Bb5 Bxf3
23.Qxf3 Nh7 24.Bxc6 bxc6 25.Rxd8 Rxd8 26.Rd1 Ng5 27.Qe2 g6 28.Rxd8+ Qxd8
29.Nf1 h5 30.Nd2 Qf6 31.Qe3 Ne6 32.Nc4 Nf4 33.Nxa5 Qe6 34.b3 g5 35.Nc4 g4
36.h4 f6 37.a5 Qc8 38.g3 Nh3 39.Kg2 Kg7 40.Qd2 Qb7 41.Qd7+ Kh6 42.Nd6  1-0

[Event "Corus B"]
[Site "Wijk aan Zee NED"]
[Date "2007.01.18"]
[Round "5"]
[White "Bologan,V"]
[Black "Smeets,J"]
[Result "1-0"]
[WhiteElo "2658"]
[BlackElo "2538"]

1.e4 c5 2.Nf3 d6 3.d4 Nf6 4.Nc3 cxd4 5.Nxd4 a6 6.Be3 e5 7.Nb3 Be7 8.f3 Be6
9.Qd2 O-O 10.O-O-O a5 11.a4 Na6 12.g4 Nb4 13.Kb1 Nd7 14.h4 Nb6 15.Qf2 Nc4
16.Bxc4 Bxc4 17.f4 Qc8 18.fxe5 dxe5 19.Nc5 Rd8 20.Rxd8+ Bxd8 21.b3 Be6 22.g5 Bg4
23.Rf1 Bh5 24.Kb2 Qc6 25.Nd3 Bc7 26.Bc5 Bd6 27.Bxd6 Qxd6 28.Nxb4 Qxb4 29.Qd2 Bg4
30.Qd5 Qe7 31.Qb5 Ra6 32.Rf2 Qd7 33.Qxe5 Be6 34.Rd2 Qe8 35.h5 Qf8 36.h6 Ra8
37.Nb5 b6  1-0

[Event "Corus B"]
[Site "Wijk aan Zee NED"]
[Date "2007.01.21"]
[Round "8"]
[White "Kosintseva,T"]
[Black "Bologan,V"]
[Result "1/2-1/2"]
[WhiteElo "2474"]
[BlackElo "2658"]

1.e4 e5 2.Nf3 Nc6 3.Bb5 Nf6 4.d3 d6 5.O-O g6 6.d4 Bd7 7.Re1 Bg7 8.d5 Ne7
9.Bxd7+ Nxd7 10.c4 O-O 11.Nc3 h6 12.b4 a5 13.bxa5 Rxa5 14.a4 f5 15.Ba3 fxe4
16.Nxe4 Nf5 17.Bb4 Ra8 18.Qd3 Kh7 19.a5 Nd4 20.Nxd4 exd4 21.Bd2 Ne5 22.Qh3 Rf5
23.Ng3 Rf8 24.Ne4 Rf5 25.Rac1 c6 26.dxc6 bxc6 27.c5 dxc5 28.Rxc5 Rh5 29.Qg3 Qh4
30.f4 Qxg3 31.hxg3 Nd3 32.Rxh5 gxh5 33.Rb1 c5 34.Nd6 Nb4 35.Nc4 Bf8 36.Re1 Kg6
37.Re6+ Kf5 38.Re5+ Kg4 39.Kh2 Nd3 40.Rd5 h4 41.gxh4 Be7 42.g3 Kf3 43.Rd7 Bf6
44.Rf7 Ra6 45.Rb7 Nf2 46.Rb6 Ra8 47.a6 Ke2 48.Kg2 Ne4 49.Ba5 Kd3 50.Nb2+ Kc2
51.Kf3 Bd8 52.Kxe4 Bxb6 53.Bxb6 Re8+ 54.Kd5 Kxb2 55.Kxc5 d3 56.Ba5 Kc2 57.a7 d2
58.Bxd2 Kxd2 59.f5 Ke3 60.Kc6 Ke4 61.g4 Ke5 62.Kb7 Re7+ 63.Kb6 Re8  1/2-1/2

[Event "Corus B"]
[Site "Wijk aan Zee NED"]
[Date "2007.01.28"]
[Round "13"]
[White "Bologan,V"]
[Black "Atalik,S"]
[Result "1/2-1/2"]
[WhiteElo "2658"]
[BlackElo "2586"]

1.e4 c5 2.Nf3 d6 3.d4 cxd4 4.Nxd4 Nf6 5.Nc3 a6 6.Be3 e5 7.Nb3 Be6 8.Qd2 Nbd7
9.f3 h5 10.Nd5 Bxd5 11.exd5 Qc7 12.Na5 b6 13.Nc6 Nxd5 14.Qxd5 Nf6 15.Qb3 Qxc6
16.Qxb6 Qxb6 17.Bxb6 Rb8 18.Ba5 Rxb2 19.Bxa6 d5 20.Kd2 Kd7 21.Rhb1 Ba3 22.Rxb2 Bxb2
23.Bb5+ Ke6 24.Rb1 Ra8 25.Rxb2 Rxa5 26.Kc3 d4+ 27.Kb4 Ra7 28.c4 dxc3 29.Kxc3 Kd6
30.a4 Nd5+ 31.Kb3 Rc7 32.Rd2 Rc3+ 33.Kb2 Rc5 34.Bd3 Kc7 35.Be4 Ne3 36.Kb3 f5
37.Re2 fxe4 38.Rxe3 exf3 39.Rxf3 Kd6 40.Rg3 Rc8 41.a5 e4 42.a6 h4 43.Rg6+ Kd5
44.Rxg7 e3 45.Kb4 Kd6 46.Rg6+ Ke5 47.Rg5+ Kd4 48.Rg7 Rb8+ 49.Ka5 Re8 50.Rd7+ Kc3
51.Rc7+ Kd2 52.Rd7+ Kc2 53.Rc7+ Kd2 54.Rd7+ Kc2 55.Rc7+ Kb2 56.Rb7+ Ka2 57.Rc7 e2
58.Rc1 Kb2 59.Rg1 Kc3 60.a7 Kd2 61.Kb6 e1=Q 62.Rxe1 Kxe1 63.Kb7 Kf2 64.g4 hxg3
65.hxg3  1/2-1/2

[Event "Aeroflot Open"]
[Site "Moscow RUS"]
[Date "2007.02.14"]
[Round "1"]
[White "Bologan,V"]
[Black "Kurnosov,I"]
[Result "1-0"]
[WhiteElo "2658"]
[BlackElo "2580"]

1.e4 e5 2.Nf3 Nc6 3.Bc4 Bc5 4.c3 Nf6 5.d3 a6 6.Bb3 O-O 7.h3 Ba7 8.Nbd2 d5
9.Qe2 Nh5 10.g3 Be6 11.Nf1 dxe4 12.dxe4 Bxb3 13.axb3 Nf6 14.Bg5 h6 15.Bxf6 Qxf6
16.N1d2 Rad8 17.O-O Rd7 18.b4 Rfd8 19.Kg2 Qe6 20.Rfc1 Bb6 21.Nc4 Rd3 22.b3 f5
23.Ra2 f4 24.g4 h5 25.g5 Ba7 26.Rcc2 b5 27.Nb2 R3d6 28.Rxa6 Qxb3 29.Ra1 Bb6
30.Rac1 Rb8 31.Qxb5 Be3 32.Qc4+ Qxc4 33.Nxc4 Bxc1 34.Nxd6 cxd6 35.Rxc1 Kf7
36.Kf1 Ke6 37.Ke2 Rc8 38.Ra1 d5 39.b5 Nb8 40.exd5+ Kxd5 41.Ra8 e4 42.Nd2 f3+
43.Kd1 Ke5 44.b6 Rd8 45.Ke1 Kf4 46.b7 Re8 47.Nb3 e3 48.Nd4  1-0

[Event "8th ch-Euro"]
[Site "Dresden GER"]
[Date "2007.04.08"]
[Round "6"]
[White "Frolyanov,D"]
[Black "Bologan,V"]
[Result "0-1"]
[WhiteElo "2521"]
[BlackElo "2658"]

1.e4 g6 2.d4 Bg7 3.Nc3 c6 4.f4 d5 5.e5 Nh6 6.Nf3 f6 7.h3 Nf5 8.Bd3 Ng3 9.Rg1 Bf5
10.Bxf5 gxf5 11.Qd3 e6 12.Be3 Nd7 13.O-O-O Qc7 14.Ne2 Ne4 15.g4 fxg4 16.hxg4 c5
17.exf6 Bxf6 18.dxc5 Qa5 19.Kb1 Ndxc5 20.Bxc5 Qxc5 21.Ned4 Nf2 22.Qe2 Nxd1
23.Qxe6+ Qe7 24.Rxd1 Bxd4 25.Nxd4 Qxe6 26.Nxe6 Kf7 27.f5 h6 28.Rxd5 Rag8
29.Rd4 Kf6 30.a4 b6 31.Rc4 Rc8 32.Rb4 Rhg8 33.c3 Rc6 34.Rd4 Rgc8 35.Rd7 Rg8
36.Rh7 Rxg4 37.Rxh6+ Ke5 38.a5 bxa5 39.Rh7 a6 40.Nd4 Rb6 41.Re7+ Kd5 42.Nc2 Kd6
43.Re6+ Kc7 44.Re7+ Kd8 45.Re6 Rxe6 46.fxe6 Ke7 47.Nd4 Kd6 48.Ka2 Re4 49.Kb3 Re1
50.Kc4 Re5 51.Kb3 Kc5 52.Ka4 Kb6 53.Kb3 Re3 54.Kc4 Re1 55.Kd5 Kc7 56.Kc4 Kd6
57.Kb3 Kc5 58.Ka2 a4 59.b3 axb3+ 60.Kxb3 Re3 61.Kc2 Kc4 62.Kd2 Re5 63.Kc2 Re4
64.Kd2 a5 65.Kc2 a4 66.Kb2 Re3 67.Nc2 Rxe6 68.Nb4 Rd6 69.Na2 Ra6 70.Ka3 Ra8
71.Nb4 Ra7 72.Nc6 Ra6 73.Nb4 Ra8 74.Na2 Ra5 75.Nb4 Kxc3 76.Na2+ Kc4 77.Nb4 Ra8
78.Na2 Rd8 79.Nb4 Kb5 80.Nc2 Rd3+ 81.Kb2 Rb3+ 82.Ka2 Kc4 83.Na3+ Kb4 84.Nc2+ Kc3
85.Na3 Rb2+ 86.Ka1 Rh2 87.Nb5+ Kc4  0-1

[Event "8th ch-Euro"]
[Site "Dresden GER"]
[Date "2007.04.13"]
[Round "10"]
[White "Prusikin,M"]
[Black "Bologan,V"]
[Result "1/2-1/2"]
[WhiteElo "2567"]
[BlackElo "2636"]

1.d4 Nf6 2.c4 g6 3.Nc3 Bg7 4.e4 d6 5.Nf3 O-O 6.Be2 e5 7.Be3 Nbd7 8.O-O Re8
9.d5 Nh5 10.g3 Bf8 11.Ne1 Ng7 12.Nd3 f5 13.f3 Be7 14.Qd2 Nf6 15.c5 fxe4 16.fxe4 Bh3
17.Rfc1 Ng4 18.Bxg4 Bxg4 19.cxd6 cxd6 20.Nb5 Rf8 21.Nxa7 h5 22.Nb5 h4 23.Nf2 Bf3
24.Nc7 Rc8 25.Ne6 Nxe6 26.dxe6 Rxc1+ 27.Rxc1 d5 28.exd5 Bxd5 29.Qd3 e4 30.Nxe4 Bxe6
31.Qxd8 Rxd8 32.Rc7 Rd1+ 33.Kf2 hxg3+ 34.hxg3 Rd7 35.Rxd7 Bxd7 36.Bg5 Bc6
37.Bxe7  1/2-1/2

[Event "IX EICC"]
[Site "Plovdiv BUL"]
[Date "2008.04.30"]
[Round "9"]
[White "Bologan,V"]
[Black "Halkias,S"]
[Result "1-0"]
[WhiteElo "2665"]
[BlackElo "2585"]

1.e4 e5 2.Nf3 Nc6 3.Bc4 Nf6 4.d3 h6 5.c3 d6 6.O-O g6 7.d4 Qe7 8.Re1 Bg7 9.Nbd2 O-O
10.h3 Kh8 11.Nf1 Bd7 12.Ng3 Nh7 13.Be3 Rae8 14.Qd2 h5 15.b4 Qd8 16.dxe5 Nxe5
17.Nxe5 Bxe5 18.f4 Bg7 19.Bd4 Qh4 20.Qf2 Bxd4 21.cxd4 Re7 22.e5 Rfe8 23.Re4 f5
24.Ree1 dxe5 25.dxe5 Nf8 26.Qe3 Be6 27.Be2 Rd7 28.Nh1 Bd5 29.Nf2 Ne6 30.g3 Qe7
31.a3 Red8 32.Rad1 a6 33.h4 c6 34.Rd2 Ra8 35.Red1 Rad8 36.Qc3 Kh7 37.Nh3 Kg8
38.Kf2 b5 39.Ng5 Nxg5 40.hxg5 Kf7 41.Rd4 Qe6 42.Qc5 Ke8 43.Qb6 Ra8 44.R1d2 Rc8
45.Qxa6 Rcc7 46.Qb6 Be4 47.Qb8+ Ke7 48.Rd6 Qb3 49.Qh8 Bd5 50.Qf6+ Ke8 51.R2xd5 cxd5
52.Re6+ Re7 53.Qh8+  1-0

[Event "IX EICC"]
[Site "Plovdiv BUL"]
[Date "2008.05.01"]
[Round "10"]
[White "Bologan,V"]
[Black "Caruana,F"]
[Result "1-0"]
[WhiteElo "2665"]
[BlackElo "2620"]

1.e4 c5 2.Nf3 e6 3.d4 cxd4 4.Nxd4 a6 5.Nc3 Qc7 6.Bd3 Nf6 7.f4 b5 8.a3 d6
9.g4 h6 10.Qe2 Nbd7 11.Bd2 g6 12.O-O-O Bg7 13.g5 hxg5 14.e5 dxe5 15.Bxg6 exd4
16.Qxe6+ Kd8 17.Qxf7 Nf8 18.fxg5 Qxf7 19.Bxf7 dxc3 20.Bxc3+ Ke7 21.Bb3 Be6
22.Rhe1 Ne8 23.Bb4+ Kf7 24.Bxe6+ Nxe6 25.Rd7+ Kg6 26.Rxe6+ Kf5 27.Re2 Rc8
28.Kb1 Rc7 29.Rd8 Kxg5 30.Rdxe8 Rxe8 31.Rxe8 Rf7 32.Re6 Rf1+ 33.Ka2 Rf2 34.Kb3  1-0

[Event "IX EICC"]
[Site "Plovdiv BUL"]
[Date "2008.05.02"]
[Round "11"]
[White "Hracek,Z"]
[Black "Bologan,V"]
[Result "1/2-1/2"]
[WhiteElo "2613"]
[BlackElo "2665"]

1.e4 e5 2.Nf3 Nc6 3.Bb5 Nf6 4.O-O Nxe4 5.d4 Nd6 6.Bxc6 dxc6 7.dxe5 Nf5 8.Qxd8+ Kxd8
9.Nc3 Ke8 10.h3 Be7 11.Bf4  1/2-1/2

[Event "TCh-BIH"]
[Site "Neum BIH"]
[Date "2008.06.04"]
[Round "1"]
[White "Bologan,V"]
[Black "Miladinovic,I"]
[Result "1-0"]
[WhiteElo "2665"]
[BlackElo "2579"]

1.e4 c5 2.Nf3 Nc6 3.d4 cxd4 4.Nxd4 Qc7 5.Nc3 e6 6.Be2 a6 7.O-O Nf6 8.Be3 Bb4
9.Na4 Be7 10.Nxc6 bxc6 11.Nb6 Rb8 12.Nxc8 Qxc8 13.Bd4 Qc7 14.e5 Nd5 15.b3 a5
16.g3 f6 17.c4 fxe5 18.cxd5 exd4 19.dxe6 dxe6 20.Qxd4 Bf6 21.Bh5+ Ke7 22.Qc5+ Qd6
23.Qa7+ Qd7 24.Qxa5 Rb5 25.Qa3+ Qd6 26.Qa7+ Qd7 27.Qxd7+ Kxd7 28.Rad1+ Kc7
29.Bg4 Ra8 30.Rd2 e5 31.Bf5 g6 32.Rd7+ Kb6 33.Be4 Rb4  1-0

[Event "TCh-BIH"]
[Site "Neum BIH"]
[Date "2008.06.05"]
[Round "2"]
[White "Stojanovic,Mih"]
[Black "Bologan,V"]
[Result "1/2-1/2"]
[WhiteElo "2561"]
[BlackElo "2665"]

1.Nf3 d5 2.d4 c6 3.c4 e6 4.Nbd2 Nf6 5.g3 Nbd7 6.Bg2 Bd6 7.O-O O-O 8.Qc2 Re8
9.Rd1 Qe7 10.e4 Nxe4 11.Nxe4 dxe4 12.Qxe4 e5 13.Bg5 Qf8 14.dxe5 Nxe5 15.Bf4 Nxf3+
16.Qxf3 Bxf4 17.Qxf4 Be6 18.b3 a5 19.Rd3 Qa3 20.Qc1 Qxc1+ 21.Rxc1 Bf5 22.Rd2 Rad8
23.Rxd8 Rxd8 24.Bf3 Rd2 25.Rd1 Rxd1+ 26.Bxd1 Kf8 27.Kf1 Ke7 28.Ke1 Kd6 29.Kd2 Kc5
30.Kc3 b5 31.a3 b4+ 32.axb4+ axb4+ 33.Kd2 Kd4 34.f4 g6 35.Bf3 Be4 36.Bg4 f5
37.Be2 Bg2 38.Bd3 h5 39.Be2 Ke4 40.Bd3+ Kd4 41.Be2 c5 42.h4 Ke4 43.Bd1 Bf3
44.Be2 Bh1 45.Bd1 Kd4 46.Be2 Bg2 47.Bd1 Bb7 48.Be2 Be4 49.Bd1 Bh1 50.Be2 Bg2
51.Bd1 Be4 52.Be2  1/2-1/2

[Event "TCh-BIH"]
[Site "Neum BIH"]
[Date "2008.06.06"]
[Round "3"]
[White "Bologan,V"]
[Black "Saric,A"]
[Result "1-0"]
[WhiteElo "2665"]
[BlackElo "2505"]

1.e4 e5 2.Nf3 Nf6 3.d4 Nxe4 4.Bd3 d5 5.dxe5 Nc6 6.O-O Bg4 7.Nc3 Nxc3 8.bxc3 Be7
9.Re1 O-O 10.h3 Be6 11.Rb1 Rb8 12.Qd2 Qd7 13.Qf4 f6 14.Qg3 Rf7 15.exf6 Bxf6
16.Ng5 Bxg5 17.Bxg5 Bf5 18.Red1 Bxd3 19.Qxd3 Rf5 20.Be3 b6 21.g4 Rf7 22.Qxd5 Rd8
23.Qe4 Qxd1+ 24.Rxd1 Rxd1+ 25.Kg2 Ne7 26.Bf4 Nd5 27.Qe8+ Rf8 28.Qe6+ Kh8
29.Be5 c5 30.g5 Rd2 31.Kg3 b5 32.h4 Nb6 33.h5 Nc4 34.Bxg7+ Kxg7 35.h6+ Kh8
36.Qe7  1-0

[Event "TCh-BIH"]
[Site "Neum BIH"]
[Date "2008.06.08"]
[Round "5"]
[White "Bologan,V"]
[Black "Fercec,N"]
[Result "1-0"]
[WhiteElo "2665"]
[BlackElo "2492"]

1.e4 c5 2.Nf3 d6 3.d4 cxd4 4.Nxd4 Nf6 5.Nc3 a6 6.Be3 e5 7.Nf3 Qc7 8.a4 h6
9.a5 Be6 10.Nd5 Bxd5 11.exd5 Nbd7 12.c4 Be7 13.Nd2 O-O 14.g4 e4 15.h4 Ne5
16.g5 Nfg4 17.Bb6 Qc8 18.Nxe4 f5 19.gxf6 Qf5 20.Qe2 Nf3+ 21.Kd1 Bxf6 22.Nxd6 Qf4
23.Bh3 Be5 24.Be3 Nxe3+ 25.fxe3 Qg3 26.Nf5 Rxf5 27.Bxf5 Rf8 28.Be6+ Kh8 29.Rf1 Rf6
30.h5 g5 31.hxg6 h5 32.Ra3 Qxg6 33.Qc2 Qg5 34.Qe2  1-0

[Event "TCh-SRB 1st League"]
[Site "Kragujevac SRB"]
[Date "2009.09.01"]
[Round "1"]
[White "Bologan,V"]
[Black "Sakaev,K"]
[Result "1/2-1/2"]
[WhiteElo "2688"]
[BlackElo "2625"]

1.e4 e5 2.Nf3 Nf6 3.d4 Nxe4 4.Bd3 d5 5.dxe5 Nc5 6.Be2 Be7 7.O-O O-O 8.Be3 c6
9.c4 dxc4 10.Bxc4 Nbd7 11.Qc2 Qc7 12.Be2 Ne6 13.Bd3 Nxe5 14.Nxe5 Qxe5 15.Bxh7+ Kh8
16.Bd3 Bd6 17.g3 Nc5 18.Bxc5 Qxc5 19.Nc3 Bg4 20.Rae1 Rae8 21.Qb3 Rxe1 22.Rxe1 Bc8
23.Qd1 Bc7 24.Qf3 g6 25.Qf6+ Kg8 26.Bc2 Bd8 27.Qf3 Kg7 28.Bb3 Qf5 29.Qe2 Bb6
30.Rd1 Re8 31.Bc2 Qf6 32.Be4  1/2-1/2

[Event "TCh-SRB 1st League"]
[Site "Kragujevac SRB"]
[Date "2009.09.03"]
[Round "3"]
[White "Bologan,V"]
[Black "Predojevic,B"]
[Result "1/2-1/2"]
[WhiteElo "2688"]
[BlackElo "2654"]

1.e4 c5 2.Nf3 d6 3.d4 cxd4 4.Nxd4 Nf6 5.Nc3 a6 6.Be2 g6 7.O-O Bg7 8.Bg5 O-O
9.Kh1 Nc6 10.Nb3 b5 11.a3 Bb7 12.f4 Nd7 13.Bf3 Nb6 14.e5 Nc4 15.Qe1 dxe5
16.Nc5 Qb6 17.Nd7 Qa7 18.Nxf8 Rxf8 19.fxe5 N4xe5 20.Be4 e6 21.Bf6 Nc4 22.Bxg7 Kxg7
23.b3 Ne3 24.Rf3 Nf5 25.Rd1 Qc5 26.Rd7 Ba8 27.Bxf5 exf5 28.Nd5 Qd4 29.c3 Re8
30.Rxf7+ Kxf7 31.Qxe8+ Kxe8 32.cxd4 Nxd4 33.Nc7+ Kd7 34.Rd3 Kxc7 35.Rxd4 a5
36.Rh4 h5 37.Rd4 Be4 38.h4 Kc6 39.b4 axb4 40.axb4 Bd5 41.Rd3 Kd6 42.Ra3 Bc4
43.Ra6+ Kd5 44.Kg1 Be2 45.Kf2 Bg4 46.Rxg6 Kc4 47.Ke3 Kxb4 48.Kd4 Be2 49.Re6 Bg4
50.Rf6 Kb3 51.Rb6 Kb4 52.Rb8 Be2 53.Re8 Bd1 54.Kd3 Kb3 55.Kd2 Bg4 56.Rc8 b4
57.Kc1 Be2 58.Rc7 Bg4 59.Rc5 f4 60.Re5 Kc3 61.Re4 b3 62.Rxf4 Be2 63.Rf3+ Bxf3
64.gxf3 Kd3 65.Kb2 Ke3 66.Kxb3 Kxf3 67.Kc2 Kg4  1/2-1/2

[Event "TCh-SRB 1st League"]
[Site "Kragujevac SRB"]
[Date "2009.09.04"]
[Round "4"]
[White "Rublevsky,S"]
[Black "Bologan,V"]
[Result "1/2-1/2"]
[WhiteElo "2703"]
[BlackElo "2688"]

1.e4 c6 2.d4 d5 3.e5 Bf5 4.Nd2 e6 5.Nb3 Nd7 6.Nf3 Ne7 7.Be2 Nc8 8.O-O Be7
9.Be3 Ncb6 10.a4 O-O 11.Nfd2 a5 12.Bg4 Nc4 13.Nxc4 dxc4 14.Nd2 Nb6 15.Bxf5 exf5
16.c3 Nd5 17.Nxc4 b5 18.Na3 Bxa3 19.Rxa3 Nb6 20.axb5 cxb5 21.Qd3 Nc4 22.Raa1 Qd7
23.Qc2 a4 24.b3 axb3 25.Qxb3 h6 26.Rfe1 Rfc8 27.h3 Qd5  1/2-1/2

[Event "TCh-SRB 1st League"]
[Site "Kragujevac SRB"]
[Date "2009.09.05"]
[Round "5"]
[White "Bologan,V"]
[Black "Jovanovic,SM"]
[Result "1-0"]
[WhiteElo "2688"]
[BlackElo "2293"]

1.e4 c6 2.d4 d5 3.e5 c5 4.dxc5 e6 5.Nf3 Bxc5 6.Bd3 Nc6 7.O-O f5 8.Nbd2 Nge7
9.Nb3 Bb6 10.Qe2 Bd7 11.c4 a6 12.Rd1 Nb4 13.Nbd4 O-O 14.Bb1 Qe8 15.Be3 f4
16.Bd2 Nbc6 17.Nxc6 bxc6 18.cxd5 Nxd5 19.Ng5 h6 20.Ne4 f3 21.Qd3 Rf5 22.Nd6 Qg6
23.g3 Raf8 24.Nxf5 Rxf5 25.Qxf3 Rxf3 26.Bxg6 Rxf2 27.Ba5 Ba7 28.Kh1 c5 29.Rd2 Rf3
30.Re1 Bc6 31.Be4 Rf8 32.b3 Bb8 33.Rc2 Bxe5 34.Rxc5 Bb7 35.Bxd5 exd5 36.Rxe5 d4+
37.Kg1  1-0

[Event "TCh-SRB 1st League"]
[Site "Kragujevac SRB"]
[Date "2009.09.06"]
[Round "6"]
[White "Pavlovic,Milos"]
[Black "Bologan,V"]
[Result "1-0"]
[WhiteElo "2533"]
[BlackElo "2688"]

1.e4 g6 2.d4 Bg7 3.f4 d5 4.e5 c5 5.dxc5 f6 6.Nf3 Nc6 7.Nc3 Be6 8.Bb5 fxe5
9.fxe5 Qd7 10.O-O Nh6 11.Nd4 Rd8 12.Bxh6 Bxh6 13.Qd3 Bg7 14.Qe3 Rf8 15.Nce2 Rxf1+
16.Rxf1 Rc8 17.b4 Bg8 18.Nf4 Qg4 19.c4 dxc4 20.Qe4 Qd7 21.Nxc6 bxc6 22.Bxc4 e6
23.Bb3 Rd8 24.Rd1 Qc7 25.Rd6 Rxd6 26.exd6  1-0

[Event "TCh-SRB 1st League"]
[Site "Kragujevac SRB"]
[Date "2009.09.08"]
[Round "7"]
[White "Bologan,V"]
[Black "Sutovsky,E"]
[Result "0-1"]
[WhiteElo "2688"]
[BlackElo "2676"]

1.e4 e6 2.d3 d5 3.Nd2 Nf6 4.Ngf3 b6 5.c3 Ba6 6.Be2 Be7 7.b4 dxe4 8.dxe4 Bb7
9.Qa4+ Nbd7 10.Qc2 a5 11.Rb1 axb4 12.cxb4 c5 13.b5 Ra7 14.a3 c4 15.Qxc4 Qa8
16.e5 Nd5 17.O-O O-O 18.Qd4 Bc5 19.Qh4 Ra4 20.Nc4 Nc3 21.Bd3 Be4 22.Bxe4 Nxe4
23.Nb2 Rxa3 24.Nd1 Rxf3 25.gxf3 Nxe5 26.Rb3 Nd6 27.Qh3 Nf5 28.Bb2 Ng6 29.Qg4 Qd5
30.Rc3 Nd4 31.Kh1 f5 32.Qh3 Ne2 33.Ne3 Qb7 34.Rc4 Ngf4 35.Rxf4 Nxf4 36.Qg3 Nd3
37.Nc4 Rc8 38.Ba1 Bxf2 39.Nd6 Bxg3 40.Nxb7 Bf4  0-1

[Event "18th TCh-CRO"]
[Site "Sibenik CRO"]
[Date "2009.09.21"]
[Round "1"]
[White "Bologan,V"]
[Black "Fedorchuk,S"]
[Result "1/2-1/2"]
[WhiteElo "2688"]
[BlackElo "2643"]

1.e4 e5 2.Nf3 Nc6 3.Bb5 a6 4.Ba4 Nf6 5.O-O b5 6.Bb3 Bc5 7.c3 d6 8.a4 Bb7
9.d4 Bb6 10.Bg5 h6 11.Bxf6 Qxf6 12.axb5 axb5 13.Rxa8+ Bxa8 14.d5 Na7 15.Na3 O-O
16.Qd3 Rb8 17.Nc2 Bb7 18.g3 Bc8 19.Kg2 Bd7 20.Nh4 Re8 21.f4 exf4 22.Rxf4 Qe5
23.Nf3 Qh5 24.Rh4 Qg6 25.Ncd4 b4 26.cxb4 Nc8 27.Bc2 Ne7 28.Qc3 f5 29.Rf4 Qf7
30.Ne6 Bxe6 31.dxe6 Qxe6 32.exf5 Qe2+ 33.Kh3 Be3 34.Qc4+ Qxc4 35.Rxc4 Bb6
36.Re4 Kf8 37.Nh4 d5 38.Rg4 Be3 39.Ng2 Bc1 40.Nf4 Bxf4 41.Rxf4 Kf7 42.b5 Rb8
43.Bd3 c5 44.b3 Nc8 45.Ra4 Kf6 46.Kg4 Nd6 47.Kf4 c4 48.Ra6 Ke7 49.Ra7+ Kf8
50.bxc4 dxc4 51.Rd7 cxd3 52.Rxd6 Rxb5 53.Rxd3 Kf7 54.Rd7+ Kf6 55.Rd6+ Kf7
56.Re6 Rb2 57.h4 Rf2+ 58.Kg4 Rf1 59.Ra6 Rf2 60.Ra7+ Kf6  1/2-1/2